Name a Country for each Letter and Flag Colour - Statistics

General Stats
  • This quiz has been taken 115 times
  • The average score is 94 of 132
Answer Stats
Answer % Correct
95%
94%
88%
87%
86%
83%
82%
82%
79%
79%
79%
79%
78%
78%
78%
78%
77%
77%
77%
77%
77%
76%
76%
76%
76%
76%
76%
76%
76%
76%
76%
76%
74%
74%
74%
74%
74%
74%
74%
74%
74%
74%
74%
73%
73%
73%
73%
73%
73%
73%
73%
73%
73%
73%
73%
73%
72%
72%
72%
72%
72%
72%
72%
72%
72%
72%
72%
72%
72%
72%
72%
72%
71%
71%
71%
71%
71%
71%
71%
71%
71%
71%
71%
71%
71%
69%
69%
69%
69%
69%
69%
69%
69%
69%
68%
68%
68%
68%
68%
68%
68%
68%
68%
68%
68%
68%
67%
67%
67%
67%
67%
65%
65%
65%
65%
65%
64%
64%
64%
64%
63%
63%
62%
60%
60%
56%
55%
54%
45%
44%
42%
36%
No matching quizzes found
Score Distribution
Percent of People with Each Score
Percentile by Number Answered
Your Score History
You have not taken this quiz